Central Library OPAC University of Rajshahi

Municipal finance administration / (Record no. 8019)

MARC details
000 -LEADER
fixed length control field 01204cas a2200349I 4500
001 - CONTROL NUMBER
control field 8019
003 - CONTROL NUMBER IDENTIFIER
rucl marc code MCM
005 - DATE AND TIME OF LATEST TRANSACTION
control field 20211208234518.0
008 - FIXED-LENGTH DATA ELEMENTS--GENERAL INFORMATION
fixed length control field 780731u19379999ilu x 0 a0eng
035 ## - SYSTEM CONTROL NUMBER
System control number MITb10622700
System control number (OCoLC)04098092
System control number GLIS00622700
040 ## - CATALOGING SOURCE
Original cataloging agency DLC
Transcribing agency IGA
Modifying agency m.c.
-- NYG
-- MUL
-- m/c
-- RCD
Language of cataloging eng
041 ## - LANGUAGE CODE
Language code of text/sound track or separate title eng
082 ## - DEWEY DECIMAL CLASSIFICATION NUMBER
Classification number 352.1
Author mark and year MUN 1946
090 ## - LOCALLY ASSIGNED LC-TYPE CALL NUMBER (OCLC); LOCAL CALL NUMBER (OCLC)
Classification number (OCLC) (R) ; Classification number, CALL (RLIN) (NR) HJ9105
Local cutter number (OCLC) ; Book number/undivided call number, CALL (RLIN) .M966
099 ## - LOCAL FREE-TEXT CALL NUMBER (OCLC)
Bangla Class number HJ9105.M966
245 00 - TITLE STATEMENT
Title Municipal finance administration /
260 ## - PUBLICATION, DISTRIBUTION, ETC. (IMPRINT)
Place of publication, distribution, etc. Chicago :
Name of publisher, distributor, etc. Published for the Institute for Training in Municipal Administration by the International City Managers' Association,
Date of publication, distribution, etc. 1946
300 ## - PHYSICAL DESCRIPTION
Pagination v. :426 p.:
Illustrations ill. ;
Size 29 cm.
490 1# - SERIES STATEMENT
Series statement Municipal management series / International City Managers' Association
Volume/sequential designation 3rd-
500 ## - GENERAL NOTE
General note Description based on: 3rd (1946)
650 #0 - SUBJECT ADDED ENTRY--TOPICAL TERM
Topical term or geographic name as entry element Municipal finance
Form subdivision Periodicals.
9 (RLIN) 25021
710 2# - ADDED ENTRY--CORPORATE NAME
Corporate name or jurisdiction name as entry element Institute for Training in Municipal Administration.
9 (RLIN) 25022
830 #0 - SERIES ADDED ENTRY--UNIFORM TITLE
Uniform title Municipal management series.
936 ## - OCLC/CONSER MISCELLANEOUS DATA (OCLC); PIECE USED FOR CATALOGING (pre-AACR2) (RLIN)
OCLC control number(s) of parallel record(s) (OCLC); Piece used for cataloging, PUC (RLIN) Unknown
-- 1946
942 ## - ADDED ENTRY ELEMENTS (KOHA)
Source of classification or shelving scheme Dewey Decimal Classification
Koha item type Books
949 99 - LOCAL PROCESSING INFORMATION (OCLC)
a MYGR
j 4th ed., 1949; 6th ed., 1962
Holdings
Lost status Source of classification or shelving scheme Damaged status Not for loan Collection code Permanent Location Current Location Shelving location Date acquired Source of acquisition Cost, normal purchase price Total Checkouts Full call number Date last seen Copy number Koha item type
  Dewey Decimal Classification   Not For Loan Non-fiction Central Library, University of Rajshahi Central Library, University of Rajshahi   24/02/1958 Zeitlinger 0.00   352.1 MUN 1946 16/01/2014 C-1 Books